00838nam a2200229Ia 4500003000400000005001700004008004100021020001800062040001800080041000800098082001800106100003100124245010400155250000600259260006100265300001400326650003500340700002600375942002700401999001900428952016100447OSt20240930100825.0210716s2005 xx 000 0 und d a9780070600881 cAIMIT LIBRARY aeng a382 25bHILC aHill, Charles W L.9180739 aInternational business: competing in the global marketplace.bCompeting in the global marketplace. a5 aNew DelhibTata McGraw Hill Publishing Company Ltdc2005 axviii,624 aInternational Business9180740 aJain, Arun K.9180741 2ddccBKe5thk382 HILC c202090d202090 00102ddc40708MBAaAIMITbAIMITd2008-01-02g425.00iBill no:8013; Bill dt:2007-12-18l0o382 HILCpMBA04656r2026-05-23 00:00:00v340.00w2021-07-16yBK